Top Ten Foods Highest in Vitamin D - Statistics

General Stats
  • This quiz has been taken 68 times
  • The average score is 3 of 10
Answer Stats
Hint Answer % Correct
#7 Dairy Products
83%
#2 Oily Fish
77%
#9 Eggs
55%
#8 Pork
20%
#3 Portabello Mushrooms
20%
#4 Fortified Cereal
18%
#1 Cod Liver Oil
10%
#5 Tofu
8%
#10 Soy Milk
7%
#6 Caviar
0%
No matching quizzes found
Score Distribution
Percent of People with Each Score
Percentile by Number Answered
Your Score History
You have not taken this quiz